试着写出下列城市所在的流域 #2 - Statistics

General Stats
  • This quiz has been taken 21 times
  • The average score is 18 of 46
Answer Stats
国家/地区 城市 流域 % Correct
中国 哈尔滨 黑龙江-阿穆尔河流域
100%
韩国 首尔 汉江流域
89%
法国 巴黎 塞纳河流域
84%
中国 合肥 长江流域
84%
中国 昆明 长江流域
74%
柬埔寨 金边 澜沧江-湄公河流域
74%
中国 阿克苏 塔里木河流域
74%
中国 金华 钱塘江流域
74%
中国 延吉 图们江流域
74%
越南 河内 元江-红河流域
68%
美国 明尼阿波利斯 密西西比河流域
68%
中国 开封 淮河流域
68%
中国 南阳 长江流域
63%
中国 温州 瓯江流域
63%
德国 柏林 易北河流域
58%
中国 大理 澜沧江-湄公河流域
58%
塞尔维亚 贝尔格莱德 多瑙河流域
53%
中国 四平 辽河流域
53%
意大利 罗马 台伯河流域
42%
乌兹别克斯坦 塔什干 锡尔河流域
37%
中国 承德 滦河流域
37%
俄罗斯 雅库茨克 勒拿河流域
32%
美国 埃尔帕索 格兰德河流域
32%
阿富汗 喀布尔 印度河流域
32%
哈萨克斯坦 阿拉木图 伊犁河流域
32%
乌克兰 哈尔科夫 顿河流域
32%
中国 张掖 黑河-弱水流域
32%
美国 费尔班克斯 育空河流域
26%
马拉维 利隆圭 赞比西河流域
26%
玻利维亚 拉巴斯 亚马逊河流域
21%
美国 波特兰(OR) 哥伦比亚河流域
21%
缅甸 毛淡棉 怒江-萨尔温江流域
21%
南非 比勒陀利亚 林波波河流域
21%
美国 华盛顿 波托马克河流域
21%
俄罗斯 奥伦堡 乌拉尔河流域
16%
韩国 大邱 洛东江流域
16%
西班牙 马德里 塔古斯河流域
11%
加拿大 耶洛奈夫 马更些河流域
11%
日本 札幌 石狩川流域
5%
吉尔吉斯斯坦 比什凯克 楚河流域
5%
哥伦比亚 波哥大 马格达莱纳河流域
5%
日本 长野 信浓川流域
5%
巴西 贝洛奥里藏特 圣弗朗西斯科河流域
0%
印度 海得拉巴 克里希纳河流域
0%
埃塞俄比亚 亚的斯亚贝巴 阿瓦什河流域
0%
格鲁吉亚 第比利斯 库拉河流域
0%
No matching quizzes found
Score Distribution
Percent of People with Each Score
Percentile by Number Answered
Your Score History
You have not taken this quiz